000 01149cam a2200217 4500
001 ##L132248
008 060120n2000 000 0 eng u
020 _a1861262914
035 _a(Sirsi) u132248
041 0 _aeng
050 0 4 _a690.231 $2 18
100 1 _aWilliamson, Laurie
245 0 0 _aHome extensions
_bplanning, managing and completing your extension
260 _aMarlborough
_bCrowood Press
_c2000
300 _a160p
_bill
_c26cm.
350 _a11 88
505 2 _aMaking plans -- Preparations -- Getting started -- Drainage works -- Phase 1 - building (foundations) -- Phase 2 - building (cavity walls) -- Phase 3 - roofing 1 (flat roofs) -- Phase 4 - roofing 2 (pitched roofs) -- Phase 5 - building (internal works) -- First fixing -- Phase 6 - building (plastering) -- Second fixing.
520 _aAn illustrated step-by-step guide designed to assist those planning a new building project. Contains all the important points of good building practice that must be observed during the construction works to ensure that the quality of work is to an acceptable standard.
690 _aConstruction management
_96230
942 _n0
999 _c105071
_d105071